| 000 | 01443nam a2200289 a 4500 | ||
|---|---|---|---|
| 003 | CO-ViMGA | ||
| 005 | 20230915233131.0 | ||
| 008 | 091229s2006 ck a grb 00010dspa d | ||
| 020 | _a9789588293219 | ||
| 040 |
_aCO-ViMGA _bspa _cCO-ViMGA |
||
| 043 | _ack | ||
| 082 | 0 | 4 |
_a070.44 _bG17p |
| 100 | 1 | 0 |
_aGarca̕, Alvaro _921427 |
| 245 | 1 | 0 |
_aPrimera linea _cAlvaro Garca̕ |
| 250 | _a1a. ed. | ||
| 260 | 3 |
_aBogot _bVillegas Editores _c2006 |
|
| 300 |
_a402 pg̀inas _ailustraciones _c23 cm. |
||
| 490 | _aColeccin̤ dorada. Interš general | ||
| 490 | _aVillegas periodismo | ||
| 505 | _aMuhammad Yunus ; Rodolfo Llins̀ ; Jos Ľuis Cuevas ; Cšar Rincn̤ ; Jos M̌ara̕ Aznar ; Fernando Botero ; Dalai Lama ; Antonio Skr̀meta ; Juan Pablo Montoya ; Barbet Schoeder ; Andrš Lp̤ez ; Guillermo Kuitca ; Enrique Vila-Matas ; Alfonso Lp̤ez Michelsen ; Naomi Campbell ; Diego Armando Maradona ; Diomedes Da̕z ; Javier Cercas ; Luis Fernando Montoya ; Michelle Bachelet ; Pirry ; Ernesto Bèz ; Fernando Savater ; Emilio Azcr̀raga ; Alfonso Lp̤ez Trujillo ; Vc̕tr Gaviria ; Álvaro Uribe Vľez ; Deepak Chopra ; Juan Gossan̕ ; Juanes | ||
| 650 | 1 | 4 |
_aPersonajes celebres _2LEMB _921469 |
| 650 | 1 | 4 |
_aPersonajes colombianos _vEntrevistas _2LEMB _921428 |
| 650 | 1 | 4 |
_aPolt̕icos colombianos _2LEMB _99839 |
| 700 | 1 | 0 |
_aJaramillo, Carolina _eeditor _921470 |
| 700 | 1 | 0 |
_aVillegas Jimňez _dBenjamn̕ _eeditor _920809 |
| 942 |
_2ddc _cBK |
||
| 999 |
_c9671 _d9671 |
||